Príručka elementárnej matematiky a fyziky

Gespeichert in:
Bibliographische Detailangaben
1. Verfasser: Eliáš, Jozef (Verfasst von)
Format: Buch
Sprache:Slowakisch
Veröffentlicht: Bratislava : SVTL, 1964
Ausgabe:2. vyd.
Tags: Tag hinzufügen
Keine Tags, Fügen Sie das erste Tag hinzu!

MARC

LEADER 00000nam a22000003a 4500
001 stu51223
005 20150617225705.4
008 991206s1964----cs------------------slo-d
040 |a STU  |b slo 
041 0 |a slo 
044 |a cs 
080 |a 51  |7 stu_us_auth*stu8333 
080 |a 53  |7 stu_us_auth*stu7966 
100 1 |a Eliáš, Jozef  |4 aut 
245 1 |a Príručka elementárnej matematiky a fyziky 
250 |a 2. vyd. 
260 |a Bratislava :  |b SVTL,  |c 1964 
300 |a 430 s 
996 |b 284EK01714  |c E*5194  |l EE01  |s A  |a 24  |w stu51223_0001 
996 |b E41191  |c E*41191  |l EE05  |s P  |a 0  |w stu51223_0002